<?xml version="1.0" encoding="UTF-8"?>
<record
    xmlns:xsi="http://www.w3.org/2001/XMLSchema-instance"
    xsi:schemaLocation="http://www.loc.gov/MARC21/slim http://www.loc.gov/standards/marcxml/schema/MARC21slim.xsd"
    xmlns="http://www.loc.gov/MARC21/slim">

  <leader>01640nam0a2200373   4500</leader>
  <controlfield tag="001">RU\NLR\bibl\61409</controlfield>
  <controlfield tag="005">20260409063459.0</controlfield>
  <datafield tag="010" ind1=" " ind2=" ">
    <subfield code="a">5-89123-249-9</subfield>
    <subfield code="9">11000</subfield>
  </datafield>
  <datafield tag="020" ind1=" " ind2=" ">
    <subfield code="a">RU</subfield>
    <subfield code="b">98-26817</subfield>
    <subfield code="9">&#x41A;&#x43D;&#x438;&#x436;&#x43D;&#x430;&#x44F; &#x43B;&#x435;&#x442;&#x43E;&#x43F;&#x438;&#x441;&#x44C;</subfield>
  </datafield>
  <datafield tag="021" ind1=" " ind2=" ">
    <subfield code="a">RU</subfield>
    <subfield code="b">98-17130</subfield>
    <subfield code="9">811</subfield>
  </datafield>
  <datafield tag="035" ind1=" " ind2=" ">
    <subfield code="a">(NLR Aleph) 000059910</subfield>
  </datafield>
  <datafield tag="090" ind1=" " ind2=" ">
    <subfield code="a">325814</subfield>
    <subfield code="c">325814</subfield>
  </datafield>
  <datafield tag="100" ind1=" " ind2=" ">
    <subfield code="a">19990528d1998    |||y0rusy50      ca</subfield>
  </datafield>
  <datafield tag="101" ind1="0" ind2=" ">
    <subfield code="a">rus</subfield>
  </datafield>
  <datafield tag="102" ind1=" " ind2=" ">
    <subfield code="a">RU</subfield>
  </datafield>
  <datafield tag="105" ind1=" " ind2=" ">
    <subfield code="a">y   |||||||||</subfield>
  </datafield>
  <datafield tag="200" ind1="1" ind2=" ">
    <subfield code="a">&#x416;&#x438;&#x43B;&#x438;&#x449;&#x43D;&#x44B;&#x439; &#x43A;&#x43E;&#x434;&#x435;&#x43A;&#x441; &#x420;&#x421;&#x424;&#x421;&#x420;</subfield>
    <subfield code="e">&#x41E;&#x444;&#x438;&#x446;. &#x442;&#x435;&#x43A;&#x441;&#x442; &#x43F;&#x43E; &#x441;&#x43E;&#x441;&#x442;&#x43E;&#x44F;&#x43D;&#x438;&#x44E; &#x43D;&#x430; 15 &#x444;&#x435;&#x432;&#x440;. 1998 &#x433;.</subfield>
    <subfield code="f">&#x41C;-&#x432;&#x43E; &#x44E;&#x441;&#x442;&#x438;&#x446;&#x438;&#x438; &#x420;&#x43E;&#x441;. &#x424;&#x435;&#x434;&#x435;&#x440;&#x430;&#x446;&#x438;&#x438;</subfield>
    <subfield code="g">&#x412;&#x441;&#x442;&#x443;&#x43F;. &#x441;&#x442;. &#x41F;. &#x412;. &#x41A;&#x440;&#x430;&#x448;&#x435;&#x43D;&#x438;&#x43D;&#x43D;&#x438;&#x43A;&#x43E;&#x432;&#x430; [&#x441;. V-XXXII]</subfield>
  </datafield>
  <datafield tag="210" ind1=" " ind2=" ">
    <subfield code="a">&#x41C;.</subfield>
    <subfield code="c">&#x41D;&#x43E;&#x440;&#x43C;&#x430;</subfield>
    <subfield code="c">&#x418;&#x41D;&#x424;&#x420;&#x410;-&#x41C;</subfield>
    <subfield code="d">1998</subfield>
  </datafield>
  <datafield tag="215" ind1=" " ind2=" ">
    <subfield code="a">XXXII,94 &#x441;.</subfield>
    <subfield code="d">17</subfield>
  </datafield>
  <datafield tag="604" ind1=" " ind2=" ">
    <subfield code="1">50011$a&#x420;&#x43E;&#x441;&#x441;&#x438;&#x439;&#x441;&#x43A;&#x430;&#x44F; &#x424;&#x435;&#x434;&#x435;&#x440;&#x430;&#x446;&#x438;&#x44F;$x&#x416;&#x438;&#x43B;&#x438;&#x449;&#x43D;&#x44B;&#x439; &#x43A;&#x43E;&#x434;&#x435;&#x43A;&#x441;$2nlr_sh2$3RU\NLR\AUTH\661259622</subfield>
    <subfield code="t">&#x420;&#x43E;&#x441;&#x441;&#x438;&#x439;&#x441;&#x43A;&#x430;&#x44F; &#x424;&#x435;&#x434;&#x435;&#x440;&#x430;&#x446;&#x438;&#x44F;</subfield>
    <subfield code="x">&#x416;&#x438;&#x43B;&#x438;&#x449;&#x43D;&#x44B;&#x439; &#x43A;&#x43E;&#x434;&#x435;&#x43A;&#x441;</subfield>
    <subfield code="9">2083558</subfield>
    <subfield code="3">RU\NLR\AUTH\661259622</subfield>
  </datafield>
  <datafield tag="606" ind1="0" ind2=" ">
    <subfield code="a">&#x416;&#x438;&#x43B;&#x438;&#x449;&#x43D;&#x44B;&#x439; &#x43A;&#x43E;&#x434;&#x435;&#x43A;&#x441;</subfield>
    <subfield code="y">&#x420;&#x43E;&#x441;&#x441;&#x438;&#x439;&#x441;&#x43A;&#x430;&#x44F; &#x424;&#x435;&#x434;&#x435;&#x440;&#x430;&#x446;&#x438;&#x44F;</subfield>
    <subfield code="9">2070963</subfield>
    <subfield code="3">RU\NLR\auth\661245705</subfield>
  </datafield>
  <datafield tag="610" ind1="0" ind2=" ">
    <subfield code="a">&#x416;&#x438;&#x43B;&#x438;&#x449;&#x43D;&#x44B;&#x439; &#x43A;&#x43E;&#x434;&#x435;&#x43A;&#x441; &#x420;&#x421;&#x424;&#x421;&#x420;</subfield>
  </datafield>
  <datafield tag="675" ind1=" " ind2=" ">
    <subfield code="a">347.254(470)(094.4)</subfield>
    <subfield code="v">3</subfield>
    <subfield code="z">rus</subfield>
  </datafield>
  <datafield tag="686" ind1=" " ind2=" ">
    <subfield code="a">10.27</subfield>
    <subfield code="2">rugasnti</subfield>
  </datafield>
  <datafield tag="686" ind1=" " ind2=" ">
    <subfield code="a">67.404.2</subfield>
    <subfield code="2">rubbk</subfield>
  </datafield>
  <datafield tag="686" ind1=" " ind2=" ">
    <subfield code="a">&#x425;623.211.3-324.9(2&#x420;)</subfield>
  </datafield>
  <datafield tag="740" ind1=" " ind2="1">
    <subfield code="a">&#x420;&#x43E;&#x441;&#x441;&#x438;&#x439;&#x441;&#x43A;&#x430;&#x44F; &#x424;&#x435;&#x434;&#x435;&#x440;&#x430;&#x446;&#x438;&#x44F;</subfield>
    <subfield code="t">&#x417;&#x430;&#x43A;&#x43E;&#x43D;&#x44B;</subfield>
    <subfield code="i">&#x416;&#x438;&#x43B;&#x438;&#x449;&#x43D;&#x44B;&#x439; &#x43A;&#x43E;&#x434;&#x435;&#x43A;&#x441;</subfield>
    <subfield code="3">RU\NLR\AUTH\880379479</subfield>
    <subfield code="9">425342</subfield>
  </datafield>
  <datafield tag="801" ind1=" " ind2="0">
    <subfield code="a">RU</subfield>
    <subfield code="b">RKP</subfield>
    <subfield code="c">19990528</subfield>
    <subfield code="g">PSBO</subfield>
  </datafield>
  <datafield tag="801" ind1=" " ind2="1">
    <subfield code="a">RU</subfield>
    <subfield code="b">RKP</subfield>
    <subfield code="c">19990528</subfield>
  </datafield>
  <datafield tag="801" ind1=" " ind2="2">
    <subfield code="a">RU</subfield>
    <subfield code="b">NLR</subfield>
    <subfield code="c">20090507</subfield>
    <subfield code="g">rcr</subfield>
  </datafield>
  <datafield tag="852" ind1=" " ind2=" ">
    <subfield code="a">NLR</subfield>
    <subfield code="j">98-2/991</subfield>
  </datafield>
  <datafield tag="942" ind1=" " ind2=" ">
    <subfield code="c">BOOK</subfield>
  </datafield>
  <datafield tag="980" ind1=" " ind2=" ">
    <subfield code="a">NB</subfield>
  </datafield>
  <datafield tag="995" ind1=" " ind2=" ">
    <subfield code="5">2013-10-26</subfield>
    <subfield code="b">NLR01</subfield>
    <subfield code="c">NLR01</subfield>
    <subfield code="e">RF8</subfield>
    <subfield code="f">59910-10</subfield>
    <subfield code="k">98-2/991</subfield>
    <subfield code="o">0</subfield>
    <subfield code="r">BOOK</subfield>
    <subfield code="s">982991_</subfield>
  </datafield>
</record>
